[Event "Titled Tuesday intern op 14th April"]
[Site "Chess.com INT"]
[Date "2020.04.14"]
[Round "6"]
[White "Kutsykh, Mikle"]
[Black "Kekic, Armin"]
[Result "0-1"]
[WhiteElo "2285"]
[BlackElo "2192"]
[PlyCount "90"]
[EventDate "2020.04.14"]
[EventType "swiss (blitz)"]
[EventRounds "10"]
[EventCountry "USA"]
[SourceTitle "EXT 2021"]
[Source "ChessBase"]
[SourceDate "2020.10.23"]
[SourceVersion "1"]
[SourceVersionDate "2020.10.23"]
[SourceQuality "1"]

1. d4 d5 2. c4 e6 3. Nf3 Nf6 4. Nc3 Be7 5. Bg5 0-0 6. e3 a6 7. a3 Nbd7 8. Qc2 dxc4 9. Bxc4 c5 10. Rd1 h6 11. Bh4 b5 12. Ba2 c4 13. 0-0 Bb7 14. Ne5 Nxe5 15. dxe5 Nd7 16. Bb1 g6 17. Bg3 Qc7 18. f4 Nc5 19. f5 exf5 20. e6 Qc6 21. Nd5 Qxe6 22. Nc7 Qxe3+ 23. Kh1 Ne4 24. Rde1 Qg5 25. Rxe4 Bxe4 26. Qf2 Bxb1 27. Nxa8 Bd3 28. Re1 Bf6 29. Nc7 Be4 30. Nxa6 Rd8 31. Nc5 Rd2 32. Nxe4 fxe4 33. Qf4 Qxf4 34. Bxf4 Rxb2 35. h3 g5 36. Bd6 c3 37. Rxe4 c2 38. Re8+ Kg7 39. Bf8+ Kg6 40. Rc8 Rb1+ 41. Kh2 c1Q 42. Rxc1 Rxc1 43. Bb4 Be5+ 44. g3 Rc2+ 45. Kg1 Bxg3 0-1

[Event "POL-UKR U26"]
[Site "Lublin"]
[Date "2012.11.23"]
[Round "4.1"]
[White "Kubit, Tomasz"]
[Black "Kutsykh, Mikle"]
[Result "1-0"]
[WhiteElo "2152"]
[BlackElo "2264"]
[PlyCount "91"]
[EventDate "2012.11.21"]
[EventType "team-tourn"]
[EventRounds "5"]
[EventCountry "POL"]
[SourceTitle "EXT 2014"]
[Source "ChessBase"]
[SourceDate "2013.11.20"]
[SourceVersion "1"]
[SourceVersionDate "2013.11.20"]
[SourceQuality "1"]
[WhiteTeam "Gliwice Politechnika Slaska"]
[BlackTeam "Odessa Civil Engineering"]
[WhiteTeamCountry "POL"]
[BlackTeamCountry "UKR"]

1. e4 c5 2. Nf3 g6 3. d4 cxd4 4. Nxd4 Bg7 5. Nc3 Nc6 6. Be3 Nf6 7. Bc4 0-0 8. 0-0 Nxe4 9. Nxe4 d5 10. Nxc6 bxc6 11. Bd3 dxe4 12. Bxe4 Qc7 13. c3 Rb8 14. Qc2 Rb5 15. Rfd1 Bg4 16. f3 Be6 17. Bf2 Be5 18. g3 Bg7 19. b3 Bf5 20. Rac1 a6 21. a4 Bxe4 22. fxe4 Rb7 23. b4 h5 24. a5 h4 25. Qd3 Ra8 26. gxh4 Be5 27. Bg3 c5 28. Kg2 Rab8 29. Qd5 Bf4 30. Rf1 e5 31. Bxf4 exf4 32. Qxc5 Qd7 33. Qf2 Qc6 34. Qxf4 Re8 35. Qf3 Qc4 36. h5 g5 37. Rce1 Rbe7 38. Qf6 Rxe4 39. Qxg5+ Kh7 40. Qf5+ Kg8 41. Rxe4 Rxe4 42. h6 Rg4+ 43. Kh1 Kf8 44. Qc5+ Qxc5 45. bxc5 Kg8 46. Rg1 1-0

[Event "POL-UKR U26"]
[Site "Lublin"]
[Date "2012.11.21"]
[Round "1.1"]
[White "Kutsykh, Mikle"]
[Black "Parol, Maciej"]
[Result "1-0"]
[WhiteElo "2264"]
[BlackElo "1800"]
[PlyCount "97"]
[EventDate "2012.11.21"]
[EventType "team-tourn"]
[EventRounds "5"]
[EventCountry "POL"]
[SourceTitle "CBM 151 Extra"]
[Source "ChessBase"]
[SourceDate "2012.12.18"]
[SourceVersion "1"]
[SourceVersionDate "2012.12.18"]
[SourceQuality "1"]
[WhiteTeam "Odessa Civil Engineering"]
[BlackTeam "Lublin Curie Sklodowska Univ"]
[WhiteTeamCountry "UKR"]
[BlackTeamCountry "POL"]

1. d4 d5 2. c4 c6 3. Nf3 Nf6 4. Nc3 Bf5 5. Qb3 Qd7 6. cxd5 cxd5 7. Ne5 Qc7 8. g4 Bxg4 9. Nxg4 Nxg4 10. Nxd5 Qd7 11. Bh3 e6 12. Bxg4 Qxd5 13. Qxd5 exd5 14. Bc8 Bb4+ 15. Kf1 Nd7 16. Bxb7 Rd8 17. Bxd5 Nb6 18. Bc6+ Ke7 19. e3 f5 20. a3 Bd6 21. Bd2 Rc8 22. Bb5 Nd5 23. Ba4 Nb6 24. Bb3 Nc4 25. Bxc4 Rxc4 26. Bc3 Rb8 27. Ke2 Bc7 28. Rac1 Bd6 29. Kd3 Rbc8 30. h3 g5 31. f3 h5 32. e4 fxe4+ 33. fxe4 Bf4 34. Bb4+ Rxb4 35. Rxc8 Rxb2 36. e5 Rb3+ 37. Rc3 Rb7 38. Ke4 Kd7 39. h4 Bd2 40. Rd3 Rb2 41. hxg5 Bxg5 42. Rxh5 Be7 43. d5 a5 44. Rh7 Ke8 45. d6 Bf8 46. d7+ Kd8 47. Rh8 Rf2 48. e6 a4 49. e7+ 1-0

[Event "Geller Memorial op-A 7th"]
[Site "Odessa"]
[Date "2011.08.28"]
[Round "9"]
[White "Molchanov, Alexey"]
[Black "Kutsykh, Mikle"]
[Result "0-1"]
[WhiteElo "2196"]
[BlackElo "2323"]
[PlyCount "96"]
[EventDate "2011.08.20"]
[EventType "swiss"]
[EventRounds "9"]
[EventCountry "UKR"]
[SourceTitle "EXT 2014"]
[Source "ChessBase"]
[SourceDate "2013.11.20"]
[SourceVersion "1"]
[SourceVersionDate "2013.11.20"]
[SourceQuality "1"]

1. c4 c5 2. g3 g6 3. Bg2 Bg7 4. Nc3 Nc6 5. e3 e5 6. Nge2 Nge7 7. 0-0 0-0 8. Rb1 d6 9. d3 Be6 10. Nd5 Rb8 11. Nec3 a6 12. b4 cxb4 13. Nxb4 Nxb4 14. Rxb4 d5 15. Ba3 Re8 16. Ra4 b5 17. Bxe7 Qxe7 18. Rxa6 dxc4 19. Nd5 Qc5 20. dxc4 Qxc4 21. e4 Red8 22. Qb1 b4 23. Rc6 Qb5 24. Rfc1 b3 25. Bf1 Qa4 26. axb3 Rxb3 27. Qc2 Qa3 28. Rd1 Rdb8 29. Ra6 Qb2 30. Qc6 Rf3 31. Qc5 Bf8 32. Qa7 Rb7 33. Ra2 Qb3 34. Qa8 Rb8 35. Qa7 Rc8 36. Rad2 Bc5 37. Qa1 Bxd5 38. exd5 Bd4 39. Rxd4 exd4 40. Qxd4 Qc3 41. Qe4 Rf6 42. d6 Qc5 43. d7 Qxf2+ 44. Kh1 Rd8 45. Bg2 Re6 46. Qb4 Re2 47. Rg1 Rxd7 48. Qc3 Rde7 0-1

[Event "Geller Memorial op-A 7th"]
[Site "Odessa"]
[Date "2011.08.24"]
[Round "5"]
[White "Mirzoev, Emil"]
[Black "Kutsykh, Mikle"]
[Result "0-1"]
[WhiteElo "2138"]
[BlackElo "2323"]
[PlyCount "63"]
[EventDate "2011.08.20"]
[EventType "swiss"]
[EventRounds "9"]
[EventCountry "UKR"]
[SourceTitle "EXT 2014"]
[Source "ChessBase"]
[SourceDate "2013.11.20"]
[SourceVersion "1"]
[SourceVersionDate "2013.11.20"]
[SourceQuality "1"]

1. d4 d5 2. c4 e5 3. dxe5 d4 4. Nf3 Nc6 5. a3 Nge7 6. e3 Bg4 7. exd4 Bxf3 8. Qxf3 Nxd4 9. Qc3 Nec6 10. Be3 Qd7 11. Nd2 0-0-0 12. 0-0-0 Nxe5 13. Ne4 Nec6 14. b4 Qe6 15. Bxd4 Qxe4 16. Bd3 Qxg2 17. Bf5+ Kb8 18. Be3 Rxd1+ 19. Rxd1 Be7 20. b5 Bf6 21. Qc2 Ne7 22. Be4 Qxh2 23. c5 Nc8 24. b6 c6 25. Rd7 Qe5 26. Qb3 axb6 27. Qa4 b5 28. Rxb7+ Kxb7 29. Qxb5+ Kc7 30. Qxc6+ Kd8 31. Bd2 Bg5 32. Qb7 0-1

[Event "Odessa Podgaets Memorial"]
[Site "Odessa"]
[Date "2010.11.30"]
[Round "11"]
[White "Kutsykh, Mikle"]
[Black "Fingerov, Dmitry"]
[Result "0-1"]
[WhiteElo "2295"]
[BlackElo "2388"]
[PlyCount "58"]
[EventDate "2010.11.20"]
[EventType "tourn"]
[EventRounds "11"]
[EventCountry "UKR"]
[EventCategory "4"]
[SourceTitle "CBM 139 Extra"]
[Source "ChessBase"]
[SourceDate "2011.01.05"]
[SourceVersion "1"]
[SourceVersionDate "2011.01.05"]
[SourceQuality "1"]

1. d4 d5 2. c4 dxc4 3. e4 c5 4. d5 Nf6 5. Nc3 e6 6. Bxc4 exd5 7. Nxd5 Nxd5 8. Bxd5 Be7 9. Qb3 0-0 10. Bxb7 c4 11. Qb5 a6 12. Qxc4 Bxb7 13. Nf3 Qa5+ 14. Bd2 Qb5 15. Qxb5 axb5 16. Nd4 Bxe4 17. Nxb5 Nc6 18. f3 Bd3 19. Nc7 Ra7 20. Bf4 g5 21. Bg3 Bb4+ 22. Kf2 Bc5+ 23. Ke1 Nb4 24. Rc1 Be3 25. Rc3 Rd8 26. a3 Nc2+ 27. Kd1 Bf5+ 28. Ke2 Rd2+ 29. Kf1 Bd3+ 0-1

[Event "Odessa Podgaets Memorial"]
[Site "Odessa"]
[Date "2010.11.27"]
[Round "8"]
[White "Demidiukov, Evgeniy"]
[Black "Kutsykh, Mikle"]
[Result "1/2-1/2"]
[WhiteElo "2327"]
[BlackElo "2295"]
[PlyCount "41"]
[EventDate "2010.11.20"]
[EventType "tourn"]
[EventRounds "11"]
[EventCountry "UKR"]
[EventCategory "4"]
[SourceTitle "CBM 139 Extra"]
[Source "ChessBase"]
[SourceDate "2011.01.05"]
[SourceVersion "1"]
[SourceVersionDate "2011.01.05"]
[SourceQuality "1"]

1. Nf3 d5 2. c4 d4 3. g3 c5 4. Bg2 Nc6 5. 0-0 e5 6. d3 Nf6 7. e3 Be7 8. exd4 cxd4 9. b4 Bxb4 10. Nxe5 Nxe5 11. Qa4+ Nc6 12. Bxc6+ bxc6 13. Qxb4 Qb6 14. Qa3 c5 15. Qa4+ Bd7 16. Re1+ Kf8 17. Qa3 h6 18. Bf4 Kg8 19. Nd2 Kh7 20. Nb3 Rac8 21. f3 1/2-1/2

[Event "Geller Memorial op-A 6th"]
[Site "Odessa"]
[Date "2010.08.28"]
[Round "8"]
[White "Kutsykh, Mikle"]
[Black "Kotenko, Pavel"]
[Result "1/2-1/2"]
[WhiteElo "2294"]
[BlackElo "2396"]
[PlyCount "102"]
[EventDate "2010.08.21"]
[EventType "swiss"]
[EventRounds "9"]
[EventCountry "UKR"]
[SourceTitle "CBM 138 Extra"]
[Source "ChessBase"]
[SourceDate "2010.10.29"]
[SourceVersion "1"]
[SourceVersionDate "2010.10.29"]
[SourceQuality "1"]

1. d4 Nf6 2. c4 e6 3. Nc3 d5 4. cxd5 exd5 5. Bg5 Nbd7 6. e3 c6 7. Qc2 Be7 8. Bd3 Nh5 9. Bxe7 Qxe7 10. Nge2 g6 11. 0-0-0 Nb6 12. h3 Ng7 13. g4 h5 14. e4 Be6 15. Nf4 0-0-0 16. exd5 Qg5 17. Qd2 Nxd5 18. Nfxd5 Qxd2+ 19. Rxd2 Bxd5 20. Nxd5 cxd5 21. Re1 hxg4 22. hxg4 Kd7 23. Rde2 Kd6 24. Re3 Rde8 25. Rxe8 Nxe8 26. Kd2 Ng7 27. Bf1 Ne6 28. Ke3 g5 29. Rd1 Nf4 30. Kf3 Rc8 31. Bd3 Rh8 32. Bf1 Rh1 33. Ke3 Ne6 34. a3 Nf4 35. Be2 Rh3+ 36. Bf3 f6 37. Rg1 b6 38. Rg3 Rh2 39. Rg1 Rh3 40. Rg3 Rh7 41. Rg1 Rc7 42. Rd1 Rc8 43. Kd2 Ne6 44. Kd3 Rc4 45. Ke3 Rc2 46. Rb1 Nf4 47. Bd1 Ng2+ 48. Kf3 Ne1+ 49. Ke3 Rc7 50. Kd2 Ng2 51. Rc1 Rxc1 1/2-1/2

[Event "Geller Memorial op-A 6th"]
[Site "Odessa"]
[Date "2010.08.25"]
[Round "5"]
[White "Kharchenko, Boris"]
[Black "Kutsykh, Mikle"]
[Result "1-0"]
[WhiteElo "2442"]
[BlackElo "2294"]
[PlyCount "51"]
[EventDate "2010.08.21"]
[EventType "swiss"]
[EventRounds "9"]
[EventCountry "UKR"]
[SourceTitle "CBM 138 Extra"]
[Source "ChessBase"]
[SourceDate "2010.10.29"]
[SourceVersion "1"]
[SourceVersionDate "2010.10.29"]
[SourceQuality "1"]

1. e4 e5 2. Nf3 Nc6 3. Bb5 f5 4. Qe2 Nf6 5. exf5 e4 6. d3 d5 7. dxe4 dxe4 8. Ne5 Qd5 9. Bf4 a6 10. Ba4 Bxf5 11. Nxc6 bxc6 12. 0-0 Bd6 13. Nc3 Qc5 14. Qe3 Rb8 15. Bxd6 Qxd6 16. Rad1 Qe6 17. Qc5 Kf7 18. Bb3 Rxb3 19. axb3 h5 20. Rd4 Rh6 21. Qc4 Rg6 22. Qxe6+ Kxe6 23. Re1 Ke5 24. Ra4 h4 25. Ra5+ Nd5 26. Nxe4 1-0

[Event "Geller Memorial op-A 6th"]
[Site "Odessa"]
[Date "2010.08.23"]
[Round "3"]
[White "Bogdanovich, Stanislav"]
[Black "Kutsykh, Mikle"]
[Result "1-0"]
[WhiteElo "2464"]
[BlackElo "2294"]
[PlyCount "51"]
[EventDate "2010.08.21"]
[EventType "swiss"]
[EventRounds "9"]
[EventCountry "UKR"]
[SourceTitle "CBM 138 Extra"]
[Source "ChessBase"]
[SourceDate "2010.10.29"]
[SourceVersion "1"]
[SourceVersionDate "2010.10.29"]
[SourceQuality "1"]

1. e4 e5 2. Nf3 Nc6 3. Bb5 f5 4. d3 fxe4 5. dxe4 Nf6 6. Be3 d6 7. 0-0 Bg4 8. h3 Bh5 9. g4 Bg6 10. Nh4 Bxe4 11. Nc3 Nd5 12. Nxe4 Nxe3 13. fxe3 Qxh4 14. Qd5 0-0-0 15. Bxc6 bxc6 16. Qxc6 Be7 17. Rad1 Kb8 18. Qb5+ Ka8 19. Qc6+ Kb8 20. Qb5+ Ka8 21. Qd5+ Kb8 22. Rd3 Rhf8 23. Rxf8 Bxf8 24. Kg2 h5 25. Qb5+ Kc8 26. Nc5 1-0

[Event "Geller Memorial op-A 5th"]
[Site "Odessa"]
[Date "2009.08.21"]
[Round "2"]
[White "Kutsykh, Mikle"]
[Black "Mozharov, Mikhail"]
[Result "0-1"]
[WhiteElo "2285"]
[BlackElo "2475"]
[PlyCount "86"]
[EventDate "2009.08.20"]
[EventType "swiss"]
[EventRounds "9"]
[EventCountry "UKR"]
[SourceTitle "CBM 132 Extra"]
[Source "ChessBase"]
[SourceDate "2009.11.03"]
[SourceVersion "1"]
[SourceVersionDate "2009.11.03"]
[SourceQuality "1"]

1. d4 Nf6 2. c4 g6 3. Nc3 d5 4. Nf3 Bg7 5. Bg5 Ne4 6. cxd5 Nxg5 7. Nxg5 e6 8. Qd2 h6 9. Nf3 exd5 10. e3 a5 11. Be2 c6 12. 0-0 0-0 13. a3 Nd7 14. Rfc1 Re8 15. Na4 Nf6 16. Nc5 b6 17. Nd3 Ne4 18. Qc2 c5 19. Nde5 Bf5 20. Bb5 Nd6 21. Qa4 Nxb5 22. Qxb5 Qd6 23. b3 Rec8 24. h3 f6 25. Ng4 h5 26. Ngh2 a4 27. dxc5 bxc5 28. b4 Bd7 29. Qd3 cxb4 30. Rxc8+ Rxc8 31. axb4 f5 32. Rd1 Rc3 33. Qxd5+ Qxd5 34. Rxd5 Bc6 35. Ra5 Rc1+ 36. Nf1 Bc3 37. Rc5 Bxf3 38. gxf3 a3 39. Ra5 Bxb4 40. Ra4 Bc5 41. Kg2 Rc2 42. f4 a2 43. Kg3 Bb4 0-1

[Event "UKR-ch U20"]
[Site "Lugansk"]
[Date "2009.04.11"]
[Round "10"]
[White "Bernadskiy, Vitaliy"]
[Black "Kutsykh, Mikle"]
[Result "0-1"]
[WhiteElo "2327"]
[BlackElo "2299"]
[PlyCount "72"]
[EventDate "2009.04.02"]
[EventType "tourn"]
[EventRounds "11"]
[EventCountry "UKR"]
[SourceTitle "CBM 129 Extra"]
[Source "ChessBase"]
[SourceDate "2009.05.05"]
[SourceVersion "2"]
[SourceVersionDate "2009.05.20"]
[SourceQuality "1"]

1. e4 e5 2. Nf3 Nc6 3. Bb5 f5 4. exf5 e4 5. Qe2 Qe7 6. Bxc6 dxc6 7. Nd4 Qe5 8. Ne6 Bxe6 9. fxe6 Bd6 10. d3 exd3 11. Qxe5 Bxe5 12. cxd3 0-0-0 13. f4 Bf6 14. g4 g6 15. Kd2 Rd4 16. Kc2 Ne7 17. Rf1 h5 18. g5 Bg7 19. Bd2 Nf5 20. Re1 Re8 21. Bc3 Rxf4 22. Nd2 Rf2 23. h4 Rh2 24. Bf6 Bf8 25. a3 Bc5 26. Kc3 Rxh4 27. Ne4 Bd6 28. Re2 Ng3 29. Nxg3 Bxg3 30. Rf1 Rg4 31. Rf3 h4 32. Ree3 Bd6 33. Rf1 c5 34. Rfe1 Bg3 35. Rh1 Ra4 36. Rf1 Rg4 0-1

[Event "UKR-ch U20"]
[Site "Lugansk"]
[Date "2009.04.10"]
[Round "9"]
[White "Kutsykh, Mikle"]
[Black "Burdalev, Kirill"]
[Result "1-0"]
[WhiteElo "2299"]
[BlackElo "2217"]
[PlyCount "171"]
[EventDate "2009.04.02"]
[EventType "tourn"]
[EventRounds "11"]
[EventCountry "UKR"]
[SourceTitle "CBM 129 Extra"]
[Source "ChessBase"]
[SourceDate "2009.05.05"]
[SourceVersion "2"]
[SourceVersionDate "2009.05.20"]
[SourceQuality "1"]

1. d4 Nf6 2. c4 g6 3. Nc3 Bg7 4. e4 d6 5. Be2 0-0 6. Bg5 c5 7. d5 h6 8. Bf4 Qa5 9. Bd2 e6 10. Nf3 exd5 11. exd5 Re8 12. 0-0 Bf5 13. Nh4 Bc8 14. Bd3 Qd8 15. Nf3 Bg4 16. h3 Bxf3 17. Qxf3 Nbd7 18. Qd1 a6 19. a4 Nh7 20. f4 Bd4+ 21. Kh1 Re7 22. Qf3 Qf8 23. Rae1 Rxe1 24. Rxe1 Re8 25. Re4 Nhf6 26. Rxe8 Nxe8 27. b3 Qe7 28. Ne2 Bb2 29. g4 Ng7 30. Ng3 Bd4 31. Kg2 b6 32. a5 bxa5 33. Bxa5 Bb2 34. Bd2 Bd4 35. Bc2 Bb2 36. Ne4 Bd4 37. Ba5 Nf6 38. Nxf6+ Bxf6 39. Bd2 Bd4 40. Qe4 Qxe4+ 41. Bxe4 Kf8 42. Bd3 Ke7 43. Kf3 f5 44. Be1 Bf6 45. Bc2 Bd4 46. b4 cxb4 47. Bxb4 Bb6 48. Bc3 Kf7 49. Ba4 fxg4+ 50. hxg4 h5 51. gxh5 Nxh5 52. Bb4 Bc7 53. Bb3 a5 54. Ba3 Kf6 55. Bb2+ Ke7 56. Kg4 Kf7 57. Bc2 Ng7 58. Bd4 Bd8 59. c5 dxc5 60. Bxc5 Ne8 61. Bb3 Kf6 62. d6 Kg7 63. Kf3 Nf6 64. Bd4 Kf8 65. Ke3 Nd7 66. Be6 Nf6 67. Kd3 Nh5 68. Be3 Bb6 69. Bd2 Bc5 70. d7 Ke7 71. Kc4 Bb6 72. Bh3 Nf6 73. Kb5 Bd8 74. Kc6 a4 75. Bb4+ Kf7 76. Bf1 Nh5 77. Bd6 a3 78. Bc4+ Kg7 79. Bc7 Be7 80. Kd5 Nf6+ 81. Ke6 Nxd7 82. Kxe7 Nc5 83. Bd6 Ne4 84. Bxa3 Kh6 85. Ke6 Kh5 86. Ke5 1-0

[Event "UKR-ch U20"]
[Site "Lugansk"]
[Date "2009.04.06"]
[Round "5"]
[White "Kharchenko, Boris"]
[Black "Kutsykh, Mikle"]
[Result "0-1"]
[WhiteElo "2474"]
[BlackElo "2299"]
[PlyCount "94"]
[EventDate "2009.04.02"]
[EventType "tourn"]
[EventRounds "11"]
[EventCountry "UKR"]
[SourceTitle "CBM 129 Extra"]
[Source "ChessBase"]
[SourceDate "2009.05.05"]
[SourceVersion "2"]
[SourceVersionDate "2009.05.20"]
[SourceQuality "1"]

1. e4 e5 2. Nf3 Nc6 3. Bb5 f5 4. d3 fxe4 5. dxe4 Nf6 6. 0-0 Bc5 7. Nc3 d6 8. Bg5 0-0 9. Nd5 Kh8 10. c3 Bg4 11. b4 Bb6 12. Bxf6 gxf6 13. h3 Be6 14. Nh4 Qd7 15. a4 a6 16. Bd3 Bxd5 17. exd5 Ne7 18. a5 Ba7 19. Qh5 f5 20. g4 e4 21. Bc2 Qe8 22. Qh6 Qf7 23. Rad1 fxg4 24. Bxe4 g3 25. Rd3 gxf2+ 26. Kh1 Qg7 27. Qxg7+ Kxg7 28. Nf3 Rf4 29. Nd2 Ng6 30. Bxg6 hxg6 31. Nf3 Re8 32. Nd4 Re1 33. Kg2 Rxf1 34. Kxf1 Kf6 35. b5 axb5 36. Nxb5 Bc5 37. Nxc7 Ra4 38. Rd1 Rxa5 39. Ne6 Ba7 40. c4 Ra3 41. c5 dxc5 42. Nc7 c4 43. d6 Rg3 44. Ke2 Rg1 45. Rf1 Rxf1 46. Kxf1 Kf7 47. h4 c3 0-1

[Event "UKR-ch U20"]
[Site "Lugansk"]
[Date "2009.04.03"]
[Round "2"]
[White "Kutsykh, Mikle"]
[Black "Shagbazyan, Taron"]
[Result "1/2-1/2"]
[WhiteElo "2299"]
[BlackElo "2216"]
[PlyCount "122"]
[EventDate "2009.04.02"]
[EventType "tourn"]
[EventRounds "11"]
[EventCountry "UKR"]
[SourceTitle "CBM 129 Extra"]
[Source "ChessBase"]
[SourceDate "2009.05.05"]
[SourceVersion "2"]
[SourceVersionDate "2009.05.20"]
[SourceQuality "1"]

1. d4 d5 2. c4 e6 3. Nc3 Nf6 4. cxd5 exd5 5. Bg5 Be7 6. e3 0-0 7. Bd3 c6 8. Qc2 h6 9. Bh4 Re8 10. Nge2 Ne4 11. Bxe7 Qxe7 12. 0-0 Bf5 13. Rae1 Qg5 14. Nf4 Nd6 15. f3 Nd7 16. Qf2 Bxd3 17. Nxd3 f5 18. b3 Rac8 19. h4 Qe7 20. Qg3 Nf6 21. Qg6 Qf7 22. Qg3 Qe7 23. Nf4 Nf7 24. Qg6 Qd7 25. Nd3 b6 26. b4 a5 27. bxa5 c5 28. axb6 cxd4 29. Nd1 Qb5 30. b7 Qxb7 31. Qxf5 dxe3 32. Rxe3 Qb6 33. Kh1 Nd6 34. Rxe8+ Rxe8 35. Qg6 Qd4 36. N1f2 Qxh4+ 37. Kg1 Qg5 38. Qxg5 hxg5 39. a4 Ra8 40. Ra1 Nc4 41. Nc5 Kf7 42. Nfd3 g4 43. Kf2 gxf3 44. gxf3 g5 45. Nb3 g4 46. a5 gxf3 47. a6 Ke6 48. Nd4+ Kd6 49. a7 Ng4+ 50. Kg3 f2 51. Nf5+ Kc7 52. Kxg4 f1Q 53. Rxf1 Rxa7 54. Rh1 Ra3 55. Nb4 Kb6 56. Nxd5+ Kc5 57. Rd1 Ne5+ 58. Kg5 Rd3 59. Ra1 Kxd5 60. Ra5+ Ke4 61. Ra4+ Kd5 1/2-1/2

[Event "Geller Memorial op-A 4th"]
[Site "Odessa"]
[Date "2008.09.16"]
[Round "8"]
[White "Kutsykh, Mikle"]
[Black "Khachatryan, Vahag H"]
[Result "1/2-1/2"]
[WhiteElo "2268"]
[BlackElo "2102"]
[PlyCount "83"]
[EventDate "2008.09.09"]
[EventType "swiss"]
[EventRounds "9"]
[EventCountry "UKR"]
[SourceTitle "CBM 126 Extra"]
[Source "ChessBase"]
[SourceDate "2008.11.05"]
[SourceVersion "1"]
[SourceVersionDate "2008.11.05"]
[SourceQuality "1"]

1. d4 d5 2. c4 e6 3. Nc3 Be7 4. cxd5 exd5 5. Bf4 c6 6. e3 Bf5 7. g4 Be6 8. h3 Nf6 9. Bd3 Qa5 10. Nf3 h5 11. Ng5 hxg4 12. Nxe6 fxe6 13. Bg6+ Kd7 14. h4 Na6 15. a3 b5 16. Kf1 Nc7 17. Rc1 Raf8 18. Kg2 Nce8 19. Na2 Nd6 20. Nb4 Nc4 21. Nd3 Bd6 22. Bxd6 Kxd6 23. b3 Nxa3 24. Ne5 Rc8 25. Nf7+ Kd7 26. Nxh8 Rxh8 27. e4 dxe4 28. Bxe4 Rc8 29. Qe2 Qb4 30. Qe3 Nxe4 31. Qxe4 Qxb3 32. Qxg4 Qd5+ 33. f3 Re8 34. Rc5 Qa2+ 35. Kh3 Qe2 36. Ra1 b4 37. d5 Rf8 38. Qxg7+ Ke8 39. Qg6+ Kd8 40. Qg5+ Ke8 41. Qg6+ Kd8 42. Qg5+ 1/2-1/2

[Event "Geller Memorial op-A 4th"]
[Site "Odessa"]
[Date "2008.09.15"]
[Round "7"]
[White "Ostrovskiy, Andrey"]
[Black "Kutsykh, Mikle"]
[Result "1/2-1/2"]
[WhiteElo "2445"]
[BlackElo "2268"]
[PlyCount "54"]
[EventDate "2008.09.09"]
[EventType "swiss"]
[EventRounds "9"]
[EventCountry "UKR"]
[SourceTitle "CBM 126 Extra"]
[Source "ChessBase"]
[SourceDate "2008.11.05"]
[SourceVersion "1"]
[SourceVersionDate "2008.11.05"]
[SourceQuality "1"]

1. e4 c5 2. Nf3 g6 3. d4 cxd4 4. Nxd4 Bg7 5. c4 Nc6 6. Be3 Nf6 7. Nc3 0-0 8. Be2 b6 9. 0-0 Bb7 10. f3 e6 11. Rc1 d5 12. Nxc6 Bxc6 13. e5 Ne8 14. cxd5 exd5 15. f4 f6 16. e6 Nc7 17. f5 gxf5 18. Rxf5 Qe7 19. Bd3 Nxe6 20. Rh5 f5 21. Bxf5 Rxf5 22. Rxf5 d4 23. Ne2 Be4 24. Ng3 Bxf5 25. Nxf5 Qf6 26. Nxg7 dxe3 27. Nxe6 Qxe6 1/2-1/2

[Event "Geller Memorial op-A 4th"]
[Site "Odessa"]
[Date "2008.09.11"]
[Round "3"]
[White "Lutsko, Igor"]
[Black "Kutsykh, Mikle"]
[Result "1-0"]
[WhiteElo "2399"]
[BlackElo "2268"]
[PlyCount "53"]
[EventDate "2008.09.09"]
[EventType "swiss"]
[EventRounds "9"]
[EventCountry "UKR"]
[SourceTitle "CBM 126 Extra"]
[Source "ChessBase"]
[SourceDate "2008.11.05"]
[SourceVersion "1"]
[SourceVersionDate "2008.11.05"]
[SourceQuality "1"]

1. d4 Nf6 2. c4 g6 3. Nc3 Bg7 4. e4 d6 5. Nf3 0-0 6. Be2 Bg4 7. Be3 Nfd7 8. Rc1 c5 9. d5 Qa5 10. Bd2 Na6 11. a3 Nc7 12. 0-0 Qa6 13. a4 e6 14. b3 exd5 15. cxd5 Bxf3 16. gxf3 Qb6 17. a5 Qb4 18. Bc4 Qa3 19. Qc2 Ne5 20. Be2 c4 21. bxc4 Rac8 22. f4 Nd7 23. Ra1 Qc5 24. Na4 Qd4 25. Bc3 Nb5 26. Bxd4 Nxd4 27. Qd1 1-0

[Event "UKR-ch sf U20"]
[Site "Lvov"]
[Date "2007.12.09"]
[Round "8"]
[White "Bogdanovich, Stanislav"]
[Black "Kutsykh, Mikle"]
[Result "1/2-1/2"]
[WhiteElo "2217"]
[BlackElo "2202"]
[PlyCount "62"]
[EventDate "2007.12.02"]
[EventType "swiss"]
[EventRounds "9"]
[EventCountry "UKR"]
[SourceTitle "CBM 121 Extra"]
[Source "ChessBase"]
[SourceDate "2008.01.10"]
[SourceVersion "1"]
[SourceVersionDate "2008.01.10"]
[SourceQuality "1"]

1. d4 d5 2. Nf3 Nf6 3. c4 c6 4. Nc3 a6 5. e3 b5 6. cxb5 cxb5 7. Bd3 e6 8. Ne5 Bd6 9. 0-0 0-0 10. Bd2 Nbd7 11. f4 Bb7 12. a3 Nb6 13. b3 Rc8 14. Qb1 Qe7 15. Ne2 Ne4 16. Ba5 Nd7 17. Qb2 Nb8 18. b4 f6 19. Nf3 Nd7 20. Rae1 Kh8 21. g3 Bb8 22. Nc1 Nd6 23. Nb3 Nc4 24. Qa1 Bc6 25. Rf2 e5 26. Bf5 Rce8 27. Qc1 g6 28. Bh3 e4 29. Nh4 f5 30. Ree2 Qf6 31. Rc2 Bd6 1/2-1/2

[Event "UKR-ch sf U20"]
[Site "Lvov"]
[Date "2007.12.07"]
[Round "6"]
[White "Melnichuk, Mikhail"]
[Black "Kutsykh, Mikle"]
[Result "1/2-1/2"]
[WhiteElo "2216"]
[BlackElo "2202"]
[PlyCount "30"]
[EventDate "2007.12.02"]
[EventType "swiss"]
[EventRounds "9"]
[EventCountry "UKR"]
[SourceTitle "CBM 121 Extra"]
[Source "ChessBase"]
[SourceDate "2008.01.10"]
[SourceVersion "1"]
[SourceVersionDate "2008.01.10"]
[SourceQuality "1"]

1. d4 d5 2. c4 c6 3. Nf3 Nf6 4. e3 a6 5. Bd3 b5 6. b3 Bg4 7. Nbd2 e6 8. 0-0 Be7 9. Qc2 Nbd7 10. Bb2 Qb8 11. Rac1 Bh5 12. Ne5 Nxe5 13. dxe5 Nd7 14. cxd5 cxd5 15. Qc6 Bb4 1/2-1/2